[Event "7th Fischer Memorial GM 2019"]
[Site "Anogia"]
[Date "2019.09.19"]
[Round "9.5"]
[White "Levin, Evgeny A."]
[Black "Kaasen, Tor Fredrik"]
[Result "1/2-1/2"]
[WhiteElo "2511"]
[BlackElo "2405"]
[Annotator "ChessBase"]
[PlyCount "41"]
[EventDate "2019.09.11"]
[EventType "tourn"]
[EventCountry "GRE"]
[SourceTitle "playchess.com"]
[Source "ChessBase"]
[SourceQuality "1"]
[TimeControl "40/5400+30:1800+30"]

1. d4 {[%emt 0:00:00]} Nf6 {[%emt 0:00:00]} 2. c4 {[%emt 0:00:00]} e6 {[%emt 0:00:00]} 3. Nf3 {[%emt 0:00:00]} d5 {[%emt 0:00:06]} 4. Nc3 {[%emt 0:00:00]} Bb4 {[%emt 0:00:06]} 5. e3 {[%emt 0:00:10]} O-O {[%emt 0:00:14]} 6. Bd3 {[%emt 0:00:03]} dxc4 {[%emt 0:00:31]} 7. Bxc4 {[%emt 0:00:04]} c5 {[%emt 0:00:04]} 8. O-O {[%emt 0:00:37]} cxd4 {[%emt 0:00:31]} 9. exd4 {[%emt 0:00:04]} b6 {[%emt 0:00:06]} 10. Qe2 {[%emt 0:00:40]} Bb7 {[%emt 0:00:44]} 11. Rd1 {[%emt 0:00:05]} Bxc3 {[%emt 0:11:05]} 12. bxc3 {[%emt 0:00:13]} Qc7 {[%emt 0:00:14]} 13. Bd3 {[%emt 0:00:31]} Nbd7 {[%emt 0:00:54]} 14. c4 {[%emt 0:00:33]} Rfe8 {[%emt 0:01:30]} 15. Bb2 {[%emt 0:03:32]} Rad8 {[%emt 0:04:29]} 16. Rac1 {[%emt 0:02:09]} Qf4 {[%emt 0:06:36]} 17. Qe3 {[%emt 0:02:43]} Qxe3 {[%emt 0:12:49]} 18. fxe3 {[%emt 0:01:21]} g6 {[%emt 0:00:37]} 19. c5 {[%emt 0:27:13]} Rc8 {[%emt 0:08:23]} 20. cxb6 {[%emt 0:25:24]} Nxb6 {[%emt 0:00:55]} 21. Rxc8 {[%emt 0:14:51]} 1/2-1/2